000 01335nam a22002057a 4500
999 _c56802
_d56802
003 Ge_BSU
005 20190430145510.0
008 190430b2018 ||||| |||| 00| 0 geo d
020 _a9789941956744
041 _ageo
080 _a341.231.14 ა-26
245 _aადამიანის უფლებათა დაცვა : კანონმდებლობა და პრაქტიკა :
_bსტატიათა კრებული /
_c(რედ. ) კონსტანტინე კორკელია
264 _aთბილისი ,
_b2018.
300 _a324 გვ . ;
_c23 სმ.
504 _aბიბლიოგრაფია ტექსტის შენიშვნებში
653 _aსამართალი
700 _aკორკელია, კონსტანტინე
_eრედაქტორი
_9539
710 _eპუბლიკაცია შექმნილია ევროკავშირის, გაეროს ადამიანის უფლებათა უმაღლესი კომისრის ოფისის და აშშ-ის საერთაშორისო განვითარების სააგენტოს (USAID) მხარდაჭერით
_9540
942 _2udc
_cBK